000 00576nam a2200229Ia 4500
003 OSt
005 20220924132132.0
006 a|||||r|||| 00| 0
007 ta
008 220923b |||||||| |||| 00| 0 san d
024 _a25982
037 _cTextual
040 _aARTS
_cARTS
_bsan
041 _2san
_asan
082 _aQ256:417, 15J6 (O44)
100 _aAvalon Arthur ed
245 0 _aKulacudamani nigama
260 _c1956
650 _aRELIGION
942 _hQ256:417, 15J6 (O44)
_cTEXL
_2CC
999 _c429419
_d429419